| 000 | 00977cab a2200205 4500 | ||
|---|---|---|---|
| 001 | ##L135291 | ||
| 008 | 061010n2006 000 0 eng u | ||
| 035 | _a(Sirsi) u135291 | ||
| 041 | 0 | _aeng | |
| 100 | 1 | _aHardie, Steven | |
| 245 | 0 | 0 | _aGenerating for our generation? |
| 260 | _c2006 | ||
| 490 | 0 |
_aBuilding Control _v(173) October 2006, 10-12(3) |
|
| 520 | _aConsiders the UK government's energy review, "The energy challenge" (L134185). Outlines questions central to the energy review consultation which invited feedback on issues relating to power supply and carbon emissions. Looks at the centralised system of electricity generation, historically used by the UK, and the decentralised system of combined heat and power. Also examines the issues surrounding nuclear power. Provides useful websites. | ||
| 590 | _aIKA171006 | ||
| 650 | 2 | 4 | _aDTI ENERGY REVIEW 2006 |
| 651 | 4 |
_aUnited Kingdom _y |
|
| 690 | _aENVIRONMENTAL AND LAND CONSULTANCY-ENERGY | ||
| 942 | _n0 | ||
| 999 |
_c77859 _d77859 |
||